| 000 | 00841cam a2200277 a 4500 | ||
|---|---|---|---|
| 001 | 3365014 | ||
| 003 | GBCCL | ||
| 005 | 20241126110430.0 | ||
| 008 | 860523s1985 ii abfj b 000 0 eng | ||
| 010 | _a 86900896 | ||
| 020 | _cRs148.00 | ||
| 025 | _aI E 52311 | ||
| 040 |
_aDLC _cDLC _dDLC |
||
| 043 | _aa-ii--- | ||
| 050 | 0 | 0 |
_aDS432.N3 _bS55 1985 |
| 082 | 0 | 0 |
_a306.08995 _bSHI |
| 100 | 1 |
_aShimray, R. R., _d1936- _95130 |
|
| 245 | 1 | 0 |
_aOrigin and culture of Nagas / _cR.R. Shimray. |
| 260 |
_aNew Delhi : _bPamleiphi Shimray, _c1985. |
||
| 300 |
_axvi, 290 p., [16] p. of plates : _bill., geneal. table, map ; _c23 cm. |
||
| 500 | _aMap on lining paper. | ||
| 504 | _aIncludes bibliographical references. | ||
| 650 | 0 |
_aNaga (South Asian people) _93139 |
|
| 906 |
_a7 _bcbc _corignew _d3 _encip _f19 _gy-gencatlg |
||
| 942 |
_2ddc _cBK _05 |
||
| 999 |
_c2471 _d2471 |
||